Attitudes of librarians towards application of information technology in academic libraries in Pakistan /
Saved in:
| 主要作者: | |
|---|---|
| 格式: | Thesis 图书 |
| 语言: | English |
| 出版: |
2010.
|
| 主题: | |
| 标签: |
添加标签
没有标签, 成为第一个标记此记录!
|
| LEADER | 01057cam a2200265 a 4500 | ||
|---|---|---|---|
| 001 | u800718 | ||
| 003 | SIRSI | ||
| 005 | 201011231507 | ||
| 008 | 101123s2010 my a t 000 0 eng | ||
| 040 | |a UMM | ||
| 043 | |a a-pk--- | ||
| 090 | |a Z674 |b UMP 2010 Ram | ||
| 100 | 1 | |a Ramzan, Muhammad. | |
| 245 | 1 | 0 | |a Attitudes of librarians towards application of information technology in academic libraries in Pakistan / |c Muhammad Ramzan. |
| 260 | |c 2010. | ||
| 300 | |a xiii, 308 leaves : |b ill. ; |c 30 cm. | ||
| 502 | |a Thesis (Ph.D) -- Jabatan Sains Maklumat, Fakulti Sains Komputer dan Teknologi Maklumat, Universiti Malaya, 2010. | ||
| 504 | |a Bibliography: leaves 283-306. | ||
| 650 | 0 | |a Academic libraries |x Automation |z Pakistan. | |
| 650 | 0 | |a Academic libraries |x Information technology |z Pakistan. | |
| 650 | 0 | |a Librarians |z Pakistan |x Attitudes. | |
| 710 | 2 | |a Universiti Malaya. |b Jabatan Sains Maklumat. | |
| 900 | |a NHS-ZA | ||
| 596 | |a 1 | ||
| 999 | |a Z674 UMP 2010 RAM |w LC |c 1 |i A514480291 |d 2/3/2020 |e 2/3/2020 |f 17/3/2011 |g 1 |l STACKS |m P01UTAMA |n 5 |r Y |s Y |t TESIS |u 16/3/2011 | ||
